European Domains - Statistics

General Stats
  • This quiz has been taken 23 times
    17 since last reset
  • The average score is 25 of 40
Answer Stats
Hint Answer % Correct
.fr france
100%
.ro romania
100%
.dk denmark
93%
.de germany
93%
.ru russia
93%
.uk united kingdom
93%
.ee estonia
86%
.hu hungary
86%
.no norway
86%
.pl poland
86%
.fi finland
79%
.ie ireland
79%
.it italy
79%
.li lithuania
79%
.nl netherlands
79%
.nl netherlands
79%
.pt portugal
79%
.sk slovakia
79%
.es spain
79%
.ua ukraine
79%
.at austria
71%
.bg bulgaria
71%
.lv latvia
71%
.md moldova
71%
.is iceland
64%
.me montenegro
64%
.rs serbia
64%
.ch switzerland
64%
.lu luxembourg
57%
.mt malta
57%
.si slovenia
57%
.ba bosnia
36%
.mk macedonia
36%
.eu European union
29%
.am armenia
14%
.je jersey
7%
.gl greenland
0%
.gr greenland
0%
.gg guernsey
0%
.im isle of man
0%
No matching quizzes found
Score Distribution
Percent of People with Each Score
Percentile by Number Answered
Your Score History
You have not taken this quiz since the last reset